Animals of Brazil - Sudden Death - Statistics

General Stats
  • This quiz has been taken 117 times
  • The average score is 3 of 16
Answers on the Grid
Answers color-coded by a green-red scale on the quiz's grid according to % correct below.
Jaguars
Leopards
Ocelots
Fishing Cats
Alpacas
Opossums
Mongeese
Skunks
Rattlesnakes
Coral Snakes
Pythons
Fence Lizards
Tapirs
Chinchillas
Viscachas
Jaguarundis
Moles
Marmots
Muskrats
Pikas
Bears
Deer
Newts
Knifefish
Flamingos
Storks
Shoebills
Spoonbills
Woodpeckers
Swifts
Basilisks
Skinks
 
Answer Stats
Answer % Correct
Jaguars
72%
Ocelots
44%
Tapirs
25%
Opossums
19%
Rattlesnakes
19%
Coral Snakes
18%
Flamingos
14%
Storks
14%
Jaguarundis
12%
Skunks
12%
Woodpeckers
11%
Deer
9%
Skinks
7%
Spoonbills
7%
Swifts
7%
Knifefish
5%
No matching quizzes found
Score Distribution
Percent of People with Each Score
Percentile by Number Answered
Your Score History
You have not taken this quiz